This or That - Commonly Confused Cat Breeds - Statistics

General Stats
  • This quiz has been taken 38 times
  • The average score is 7 of 11
Answer Stats
Question Answer % Correct
Oriental Shorthair
100%
Scottish Fold
94%
Abyssinian
85%
Bengal
76%
Maine Coon
70%
Birman
67%
American Shorthair
58%
Ragamuffin
58%
Bombay
48%
Korat
39%
British Shorthair
33%
No matching quizzes found
Score Distribution
Percent of People with Each Score
Percentile by Number Answered
Your Score History
You have not taken this quiz